Calculus : (Record no. 8402)

MARC details
000 -LEADER
fixed length control field 00482nam a22001697a 4500
008 - FIXED-LENGTH DATA ELEMENTS--GENERAL INFORMATION
fixed length control field 191126b ||||| |||| 00| 0 eng d
020 ## - INTERNATIONAL STANDARD BOOK NUMBER
International Standard Book Number 0534377181
082 ## - DEWEY DECIMAL CLASSIFICATION NUMBER
Classification number 515 STE
100 ## - MAIN ENTRY--PERSONAL NAME
Personal name Stewart, James
245 ## - TITLE STATEMENT
Title Calculus :
Remainder of title concepts and contexts
250 ## - EDITION STATEMENT
Edition statement 2nd ed.
260 ## - PUBLICATION, DISTRIBUTION, ETC.
Place of publication, distribution, etc. Australia ; Pacific Grove, CA :
Name of publisher, distributor, etc. Brooks/Cole,
Date of publication, distribution, etc. 2001.
300 ## - PHYSICAL DESCRIPTION
Extent xxiv, 990, 145, 8 p. :
Other physical details ill. (some col.) ;
Dimensions 27 cm.
500 ## - GENERAL NOTE
General note Includes index.
650 ## - SUBJECT ADDED ENTRY--TOPICAL TERM
Topical term or geographic name entry element Calculus.
942 ## - Added entry Elements (Koha)
Source of classification or shelving scheme Dewey Decimal Classification
Holdings
Withdrawn status Lost status Source of classification or shelving scheme Damaged status Not for loan Collection code Home library Current library Shelving location Date acquired Cost, normal purchase price Serial Enumeration / chronology Total Checkouts Full call number Barcode Date last seen Price effective from Koha item type
    Dewey Decimal Classification     Main TEST RTC Library RTC Library Main opac 26/11/2019 347.20 14384   515 STE 30014897 26/11/2019 26/11/2019 Main
Royal Thimphu College || All Right Reserved